1301 1586 1028 1995 1066 1720 1028 1734 1412 1116 1884 1384 1226 1578 1135 1874 1805 1452 1884 1823 1225 1830 1154 1487 1143 1878 1399 1765 1995 1306 1401 1567 1639 1039 1466 1472 1406 1945 1866 1127 1036 1036 1266 1059 1144 1391 1546 1751 1978 1707 1654 1135 1481 1620 1512 1355 1752 1984 1193 1278 1409 1882 1628 1139 1423 1048 1025 1135 1263 1853 1502 1323 1600 1271 1349 1130 1219 1713 1645 1452 1699 1144 1684 1231 1035 1722 1292 1792 1351 1685 1613 1458 1828 1679 1022 1540 1631 1446 1965 BCNSPRNW ULIB Ver.6.0+V

เปลี่ยนเป็นภาษาไทย

Change to English
 แสดงรายละเอียดบรรณานุกรม
  กลับหน้าหลัก

Brief Record : Get Marc (ISO 2709) : E-mail record : QR code < ปิดหน้าต่าง
LEADER : 00000nam 2200000uu 4500
001    13399122109
003     ULIB
008    121226s2551||||th 000 0 tha d
099    ^aวจ.LB1179^bจ322ก
100 0  ^aจารุณี จาดพุ่ม และ พิมพรรณ รัตนโกมล
245 00 ^aการศึกษาพฤติกรรมการปฏิบัติตามจรรยาบรรณครูของคณาจารย์ วิทยาลัยพยาบาลบรมราชชนนี ชัยนาท/^cจารุณี จาดพุ่ม และ พิมพรรณ รัตนโกมล
260    ^aชัยนาท:^bวิทยาลัยพยาบาลบรมราชชนนี ชัยนาท,^c2551
300    ^a83 หน้า
650  7 ^a จรรยาบรรณครู^xวิจัย
710 2  ^aกระทรวงสาธารณสุข.^bสถาบันพระบรมราชนก.^bวิทยาลัยพยาบาลบรมราชชนนี สวรรค์ประชารักษ์ นครสวรรค์.
945    ^p0^l0^i026519
995    ^a เกษร
999    ^aวิภา
รายการนี้ยังไม่มีแท็ก
คุณยังไม่ได้ล็อกอิน คุณสามารถมีกิจกรรมร่วมกับเว็บไซต์ได้ แต่ต้องล็อกอินก่อน ::
  ล็อกอิน

รายการสื่อสารสนเทศ

ลำดับที่ ประเภท เลขเรียก/บาร์โค้ด สถานที่ สถานะ
1. งานวิจัย
งานวิจัย
วจ.LB1179 จ322ก  
  Barcode: 026519
ห้องสมุดวิทยาเขตสวรรค์ประชารักษ์
►วิจัย
บนชั้น

BibComment


ยังไม่เคยถูกคอมเมนท์

คอมเมนท์ทรัพยากรรายการนี้
  คอมเมนท์: การศึกษาพฤติกรรม..


 Copyright 2026. Bcnsprnw @Library